Statistieken voor Zuid-Afrika Trivia Quiz

Klik hier om de quiz te nemen!

Algemene statistieken

  • Deze quiz is 710 keer genomen
  • De gemiddelde score is 15 van 28

Antwoordstatistieken

HintAntwoord% Correct
HoofdstedenKaapstad
91%
Grootste stadJohannesburg
82%
Voormalige President (1994-1999)Nelson Mandela
82%
Niet echt het meest zuidelijke puntKaap de {Goede} {Hoop}
80%
Aangrenzend landLesotho
73%
HoofdstedenBloemfontein
71%
Aangrenzend landEswatini
71%
Aangrenzend landNamibië
71%
HoofdstedenPretoria
70%
Meest-gesproken talenEngels
69%
Aangrenzend landMozambique
68%
Meest-gesproken talenAfrikaans
67%
Aangrenzend landBotswana
67%
Aangrenzend landZimbabwe
65%
Blaasinstrumenten bekend van het WK voetbal 2010Vuvuzela
63%
Tijd van rassenscheidingApartheid
62%
Gevangeniseiland waar de bovenstaande gevangen zatRobbeneiland
56%
Groep mensen dat afstamt van Nederlandse kolonistenBoeren
41%
Nobelprijs-winnende bisschopDesmond Tutu
39%
MunteenheidRand
38%
Bijnaam van het rugby team
(Hint: antilope)
Springbokken
38%
Grootste woestijnKalahari
32%
Meest-gesproken talenZoeloe
32%
Huidige regerende politieke partijAfrikaans Nationaal Congres
31%
Langste rivier{Oranje}rivier
28%
Meest-gesproken talenXhosa
25%
Term die wordt gebruikt om de multiculturele samenleving van Zuid-Afrika te beschrijven{Regenboog}land
19%
Bedrijf dat ooit 90% van de wereldwijde
diamanthandel bezat
De Beers
18%

Scoreverdeling

Percentiel versus Aantal Correcte Antwoorden

Procent van Mensen met Elke Score

Uw Scoregeschiedenis

U heeft deze quiz nog niet genomen